|
|
|
|
| LEADER |
00000cam a2200000 7i4500 |
| 001 |
0000003598 |
| 005 |
20151222.0 |
| 008 |
070719 |
| 020 |
|
|
|a 9833363024(set)
|
| 020 |
|
|
|a 9833363040
|
| 090 |
0 |
0 |
|a JF
|b HIST MAL (4597)
|
| 100 |
0 |
|
|a Fatimah Noor
|
| 245 |
1 |
0 |
|a Penghulu Rashid
|c Fatimah Noor
|
| 260 |
|
|
|a Kuala Lumpur :
|b Creative Educational Supplies ,
|c 2005
|
| 440 |
|
|
|a Siri cerita sejarah nusantara
|
| 500 |
|
|
|a Children ages 7-9 years old (orange)
|
| 650 |
|
0 |
|a English fiction
|
| 650 |
|
0 |
|a Historical fiction, English
|
| 999 |
|
|
|a 0000938321
|b Book
|c Children Collection
|e Cawangan Tangkak
|
| 999 |
|
|
|a 0000938322
|b Book
|c Children Collection
|e Cawangan Tangkak
|
| 999 |
|
|
|a 0000970564
|b Book
|c Children Collection
|e Perbadanan Perpustakaan Awam Johor
|
| 999 |
|
|
|a 0000970565
|b Book
|c Children Collection
|e Cawangan Segamat
|
| 999 |
|
|
|a 0000970566
|b Book
|c Children Collection
|e Cawangan Bandar Tenggara
|
| 999 |
|
|
|a 0000970567
|b Book
|c Children Collection
|e Perbadanan Perpustakaan Awam Johor
|
| 999 |
|
|
|a 0000970568
|b Book
|c Children Collection
|e Cawangan Bandar Tenggara
|
| 999 |
|
|
|a 0000978614
|b Book
|c Children Collection
|e Cawangan Bukit Gambir
|
| 999 |
|
|
|a 0000978616
|b Book
|c Children Collection
|e Cawangan Tmn. Ungku Tun Aminah
|
| 999 |
|
|
|a 0000978618
|b Book
|c Children Collection
|e Cawangan Bandar Penawar
|
| 999 |
|
|
|a 0001054243
|b Book
|c Children Collection
|e Cawangan Taman Universiti
|
| 999 |
|
|
|a 0001054244
|b Book
|c Children Collection
|e Cawangan Segamat
|